[Event "Challenge"]
[Site "http://www.queenalice.com/game.php?id=475831"]
[Date "2008.10.11"]
[Round "-"]
[White "Ardovino"]
[Black "RJohnson"]
[Result "1-0"]
[WhiteElo "1407"]
[BlackElo "1391"]

1. e4 Nf6 2. e5 Ne4 3. Nc3 Nxf2 4. Kxf2 e6 5. Qf3 Qh4+ 6. g3 Qd4+ 7. Ke2 Qxe5+
8. Ne4 f5 9. Qf4 Qxf4 10. gxf4 fxe4 11. Ke3 d5 12. Kd4 Nc6+ 13. Ke3 Bc5+ 14. Ke2
Nd4+ 15. Kd1 e5 16. c3 Bg4+ 17. Be2 Bxe2+ 18. Nxe2 Nxe2 19. Kxe2 exf4 20. d4 O-O
21. dxc5 f3+ 22. Kf2 Rae8 23. Rg1 h6 24. Bxh6 Rf7 25. Be3 c6 26. h4 Rf5 27. Rg5
Rf6 28. h5 Ref8 29. Rag1 Kh8 30. Rh1 Rf5 31. h6 Rxg5 32. Bxg5 gxh6 33. Bxh6 Rg8
34. Bf8# 1-0

[Event "Challenge"]
[Site "http://www.queenalice.com/game.php?id=481373"]
[Date "2008.10.23"]
[Round "-"]
[White "Ardovino"]
[Black "RJohnson"]
[Result "1-0"]
[WhiteElo "1471"]
[BlackElo "1367"]

1. e4 Nc6 2. Bc4 e6 3. d4 d5 4. exd5 exd5 5. Bb5 Bd7 6. Qe2+ Nge7 7. Nc3 Nxd4 8.
Qd3 Nef5 9. Bxd7+ Qxd7 10. Bg5 h6 11. Be3 Qe7 12. O-O-O O-O-O 13. Bxd4 Qg5+ 14.
Qd2 Qxg2 15. Nge2 g5 16. Bxh8 Qxf2 17. Bf6 Be7 18. Bxe7 Ne3 19. Bxd8 c6 20. Bf6
Qxf6 21. Qxe3 1-0

[Event "Challenge"]
[Site "http://www.queenalice.com/game.php?id=492517"]
[Date "2008.11.13"]
[Round "-"]
[White "RJohnson"]
[Black "Ardovino"]
[Result "0-1"]
[WhiteElo "1336"]
[BlackElo "1535"]

1. d4 e6 2. Nf3 Nc6 3. e3 Bb4+ 4. c3 Be7 5. Bd3 d6 6. Qa4 Bd7 7. Qb5 Nxd4 8.
Nxd4 Bxb5 9. Bxb5+ c6 10. Nxc6 bxc6 11. Bxc6+ Kf8 12. Bxa8 Qxa8 13. O-O g6 14.
f3 Nf6 15. e4 d5 16. e5 Nd7 17. Bh6+ Ke8 18. Nd2 Bc5+ 19. Kh1 Nxe5 20. Bg7 Rg8
21. Bxe5 Ke7 22. b4 Be3 23. Nb3 f6 24. Rfe1 Bf2 25. Re2 Bb6 26. Bg3 e5 27. Rae1
Re8 28. f4 Bc7 29. fxe5 f5 30. Bh4+ Ke6 31. Nc5+ Kf7 32. e6+ Kg7 33. e7 Bd6 34.
Ne6+ Kh6 35. Bg5+ Kh5 36. Ng7+ Kxg5 37. Nxe8 Qxe8 38. a4 d4 39. Rc2 d3 40. Rd2
Bxe7 41. Rxd3 Qf7 42. Rd7 Qc4 43. Rdxe7 h5 44. h3 Kh4 45. Kh2 Qf4+ 46. Kh1 Qf2
47. R7e2 Qg3 48. Kg1 f4 49. a5 f3 50. Re4+ Kg5 51. Re5+ Kh6 52. b5 Qxg2# 0-1

[Event "Challenge"]
[Site "http://www.queenalice.com/game.php?id=492519"]
[Date "2008.11.13"]
[Round "-"]
[White "Ardovino"]
[Black "RJohnson"]
[Result "1-0"]
[WhiteElo "1508"]
[BlackElo "1349"]

1. e4 e5 2. Bc4 Nh6 3. d4 Nc6 4. Bxh6 d5 5. exd5 Nxd4 6. Be3 c5 7. Nf3 Bg4 8.
Bxd4 cxd4 9. Bb5+ Bd7 10. Bxd7+ Qxd7 11. Nxe5 Qxd5 12. Qe2 Bb4+ 13. c3 Bc5 14.
Ng6+ Kd8 15. Nxh8 Qxg2 16. Nxf7+ Kc8 17. Rf1 dxc3 18. Nxc3 Bb4 19. Qe8+ Kc7 20.
Qxa8 Bxc3+ 21. bxc3 Qh3 22. Qd8+ Kc6 23. Rb1 Qe6+ 24. Kd2 Qxf7 25. Kc2 Qxa2+ 26.
Rb2 Qa4+ 27. Kb1 Qe4+ 28. Kc1 Qf4+ 29. Rd2 Qa4 30. Qe8+ 1-0

[Event "Challenge"]
[Site "http://www.queenalice.com/game.php?id=506173"]
[Date "2008.12.11"]
[Round "-"]
[White "Ardovino"]
[Black "RJohnson"]
[Result "1-0"]
[WhiteElo "1495"]
[BlackElo "1332"]

1. e4 Nc6 2. Bc4 Ne5 3. Bd5 e6 4. Bb3 b6 5. Nf3 Bd6 6. d4 Ng4 7. e5 Bb4+ 8. c3
Ba5 9. Bg5 f6 10. exf6 gxf6 11. Bh4 Bb7 12. Ne5 Nxe5 13. dxe5 c6 14. O-O Qe7 15.
Qh5+ Kd8 16. Nd2 1-0

[Event "Challenge"]
[Site "http://www.queenalice.com/game.php?id=506174"]
[Date "2008.12.11"]
[Round "-"]
[White "RJohnson"]
[Black "Ardovino"]
[Result "0-1"]
[WhiteElo "1321"]
[BlackElo "1515"]

1. Nf3 d6 2. Nc3 e5 3. e4 Nf6 4. Bd3 Bg4 5. h3 Bxf3 6. gxf3 Nh5 7. Nd5 Nf4 8.
Nxf4 exf4 9. O-O Qg5+ 10. Kh1 Qh4 11. Kh2 Nd7 12. c3 c6 13. b4 Ne5 14. Bc2 h5
0-1

[Event "Challenge"]
[Site "http://www.queenalice.com/game.php?id=709311"]
[Date "2010.1.6"]
[Round "-"]
[White "RJohnson"]
[Black "Ardovino"]
[Result "0-1"]
[WhiteElo "1312"]
[BlackElo "1497"]

1. e4 g6 2. Nf3 Bg7 3. c3 d5 4. Bd3 dxe4 5. Bxe4 Bg4 6. h3 Bxf3 7. Qxf3 c6 8.
O-O Nf6 9. Re1 O-O 10. d4 e6 11. Nd2 Nxe4 12. Nxe4 Nd7 13. g3 f5 14. Ng5 Qf6 15.
Nxe6 Rfe8 16. d5 c5 17. Bg5 Qf7 18. Re3 Rac8 19. Rae1 h6 20. Nc7 Re4 21. d6 hxg5
22. b3 Be5 23. Nb5 a6 24. Na3 Bxc3 0-1

[Event "Challenge"]
[Site "http://www.queenalice.com/game.php?id=748383"]
[Date "2010.3.19"]
[Round "-"]
[White "RJohnson"]
[Black "Ardovino"]
[Result "1-0"]
[WhiteElo "1304"]
[BlackElo "1522"]

1. Nf3 Nc6 2. Nc3 Nf6 3. g3 e5 4. Bg2 e4 5. Nh4 d5 6. O-O Bb4 7. a3 Be7 8. f3
Bc5+ 9. e3 d4 10. Nxe4 b6 11. Nxf6+ Qxf6 12. c3 dxe3 13. Re1 O-O 14. dxe3 Be6
15. f4 Rad8 16. Qc2 Na5 17. Be4 g6 18. Rb1 Bb3 19. Qg2 c6 20. Nf3 h5 21. g4 h4
22. g5 Qh8 23. Ne5 Bd5 24. Bxd5 cxd5 25. Rd1 h3 26. Qg3 Nb3 27. c4 Nxc1 28.
Rbxc1 d4 29. Nc6 dxe3 30. Rxd8 e2+ 31. Kh1 Kg7 32. Qc3+ Kh7 33. Qxh8+ Kxh8 34.
Rxf8+ Bxf8 35. Nd4 Kg7 36. Nxe2 Bc5 37. b4 Be3 38. Rc3 Bf2 39. Rxh3 f6 40. gxf6+
1-0

[Event "Challenge"]
[Site "http://www.queenalice.com/game.php?id=768522"]
[Date "2010.4.30"]
[Round "-"]
[White "RJohnson"]
[Black "Ardovino"]
[Result "0-1"]
[WhiteElo "1329"]
[BlackElo "1500"]

1. e4 e5 2. Nf3 Qf6 3. g3 Bc5 4. Qe2 d6 5. c3 Bg4 6. Bg2 Nh6 7. h3 Bxf3 8. Bxf3
O-O 9. b4 Bb6 10. d3 Nd7 11. Na3 c5 12. Bxh6 Qxh6 13. Bg4 Nf6 14. Nc4 Rad8 15.
a4 cxb4 16. cxb4 Bd4 17. Rb1 Bc3+ 18. Kf1 Bd4 19. Rh2 d5 20. exd5 Nxd5 21. Re1
Nc3 22. Qf3 Nxa4 23. Nxe5 Bc3 24. Ra1 Bxa1 25. b5 Bxe5 26. Qxb7 Nc3 27. Kg2 Rxd3
28. Qxa7 Nxb5 29. Qc5 Bd4 30. Qxb5 Qd2 31. Qf5 g6 0-1

[Event "Challenge"]
[Site "http://www.queenalice.com/game.php?id=768523"]
[Date "2010.4.30"]
[Round "-"]
[White "Ardovino"]
[Black "RJohnson"]
[Result "1-0"]
[WhiteElo "1488"]
[BlackElo "1329"]

1. e4 e5 2. Bc4 Nh6 3. d3 c6 4. Bxh6 Qh4 5. Be3 d5 6. exd5 cxd5 7. Bxd5 Bg4 8.
Qc1 Na6 9. Bxb7 Rb8 10. Bc6+ Bd7 11. Nf3 Qb4+ 12. c3 Qd6 13. Bxd7+ Qxd7 14. Nxe5
Qe6 15. d4 f6 16. Nf3 g5 17. O-O g4 18. Nh4 f5 19. Re1 1-0

[Event "Challenge"]
[Site "http://www.queenalice.com/game.php?id=772169"]
[Date "2010.5.7"]
[Round "-"]
[White "Ardovino"]
[Black "RJohnson"]
[Result "1/2-1/2"]
[WhiteElo "1512"]
[BlackElo "1348"]

1. e4 e5 2. Qf3 f6 3. Nc3 Nc6 4. Bc4 Nge7 5. d3 Nd4 6. Qd1 Nec6 7. Be3 Bc5 8.
Nf3 a6 9. Nd5 b5 10. Bb3 a5 11. a4 Ba6 12. O-O Nxf3+ 13. Qxf3 Nb4 14. Nxb4 Bxe3
15. Nxa6 Rxa6 16. Qxe3 b4 17. Bc4 Rc6 18. b3 g5 19. Qa7 d5 20. Bb5 Rf8 21. Bxc6+
Ke7 22. Qc5+ Kf7 23. Qxd5+ Qxd5 24. Bxd5+ Ke7 25. Rac1 Rd8 26. c4 h5 27. c5 h4
28. h3 Rh8 29. c6 g4 30. Rc5 gxh3 31. gxh3 Rh5 32. Kg2 Rg5+ 33. Kh2 Kd6 34. Rxa5
Rh5 35. f4 f5 36. fxe5+ Ke7 37. Rxf5 Rh7 38. Ra7 Kd8 39. Bg8 Rg7 40. Bd5 Rh7 41.
d4 Rg7 42. e6 Rh7 43. e5 Rg7 44. Rf7 Rxf7 45. exf7 Ke7 46. Rxc7+ Kf8 47. e6 Kg7
48. e7 Kg6 49. f8=Q Kg5 50. e8=Q 1/2-1/2

[Event "Challenge"]
[Site "http://www.queenalice.com/game.php?id=772170"]
[Date "2010.5.7"]
[Round "-"]
[White "RJohnson"]
[Black "Ardovino"]
[Result "0-1"]
[WhiteElo "1377"]
[BlackElo "1504"]

1. e4 e5 2. Nf3 Bc5 3. d4 exd4 4. Nxd4 Qf6 5. Be3 Nc6 6. c3 Nxd4 7. cxd4 Bb4+ 8.
Bd2 c5 9. Bxb4 cxb4 10. e5 Qf5 11. Bd3 Qg5 12. O-O b6 13. Re1 Bb7 14. g3 h5 15.
h4 Qg4 16. Qxg4 hxg4 17. Nd2 Bd5 18. Ne4 Bxe4 19. Bxe4 Rd8 20. Re2 Ne7 21. Rc1
f5 22. Bb7 f4 23. Rec2 fxg3 24. fxg3 O-O 25. d5 Kh7 26. d6 Nf5 27. Be4 g6 28. h5
Nxg3 29. Bg2 Nxh5 30. Rc7 a5 31. Rb7 Rb8 32. Rxd7+ Kh6 33. e6 Nf6 34. e7 Rf7 35.
Rb7 Rg8 36. e8=Q Nxe8 37. Rxf7 Nxd6 38. Rf6 Ne8 39. Rxb6 Kh5 40. Rb5+ g5 41.
Rxa5 g3 42. Bd5 Rf8 43. Bc6 Nf6 44. Rf1 Kh4 45. Ra4 g4 46. Rxb4 Kh3 47. Rb6 Nh7
48. Rxf8 Nxf8 49. Bd7 Kh4 50. Be8 Kg5 51. Bd7 Nxd7 52. Rb5+ Kh4 53. a4 Nf6 54.
a5 Ne8 55. a6 Nc7 56. Ra5 g2 57. a7 Kg3 58. Rc5 Na8 59. Rc8 Nb6 60. Rb8 Nd5 61.
a8=Q Nf4 62. Rh8 Ne2# 0-1

[Event "Challenge"]
[Site "http://www.queenalice.com/game.php?id=777896"]
[Date "2010.5.19"]
[Round "-"]
[White "Ardovino"]
[Black "RJohnson"]
[Result "0-1"]
[WhiteElo "1516"]
[BlackElo "1385"]

1. e4 Nf6 2. Qf3 Nc6 3. Bc4 e6 4. d3 b6 5. Bg5 h6 6. Bxf6 gxf6 7. Nh3 Nd4 8. Na3
Nxf3+ 9. gxf3 Bb7 10. O-O-O Bxa3 11. bxa3 d5 12. Bb5+ c6 13. Ba4 b5 14. Bb3 Qc7
15. exd5 cxd5 16. a4 d4 17. Rhe1 Qc3 18. axb5 Rc8 19. Rd2 Qa1# 0-1

[Event "Challenge"]
[Site "http://www.queenalice.com/game.php?id=780512"]
[Date "2010.5.25"]
[Round "-"]
[White "RJohnson"]
[Black "Ardovino"]
[Result "1-0"]
[WhiteElo "1406"]
[BlackElo "1493"]

1. e4 e5 2. Nc3 Bc5 3. Nf3 Nf6 4. Nxe5 d6 5. Nxf7 Kxf7 6. Bc4+ Be6 7. b3 Bxc4 8.
bxc4 Bd4 9. Bb2 Re8 10. O-O Nxe4 11. Qh5+ g6 12. Qxh7+ Bg7 13. Nxe4 Rg8 14. Bf6
Qf8 15. Rab1 Nd7 16. Rxb7 Nxf6 17. Rxc7+ Ke6 18. Qh3+ Ke5 19. Nxf6 Kxf6 20. Qf3+
Ke6 21. Re1+ Be5 22. Qd5+ Kf5 23. Rf7+ Qxf7 24. Qxf7+ Kg5 25. g3 Raf8 26. Qxa7
Kg4 27. f3+ Kxf3 28. Rf1+ Ke2 29. Qe3# 1-0

[Event "Challenge"]
[Site "http://www.queenalice.com/game.php?id=780680"]
[Date "2010.5.25"]
[Round "-"]
[White "Ardovino"]
[Black "RJohnson"]
[Result "0-1"]
[WhiteElo "1473"]
[BlackElo "1425"]

1. e4 Nc6 2. Nf3 Nf6 3. e5 Nd5 4. g3 d6 5. exd6 Qxd6 6. Bg2 e6 7. O-O e5 8. Nc3
Bg4 9. Ne4 Qg6 10. Neg5 Bxf3 11. Nxf3 e4 12. Nh4 Qf6 13. Bxe4 Qd4 14. Qe1 Ne5
15. Bxd5 Qxd5 16. c3 Be7 17. d4 Bxh4 18. gxh4 O-O 19. Qxe5 Qxe5 20. dxe5 Rfe8
21. Re1 Re6 22. Bf4 Rae8 23. Rad1 f6 24. Rd5 c6 25. Rd6 Rxd6 26. exd6 Rxe1+ 27.
Kg2 Rd1 28. Kf3 Kf8 29. Ke2 Rb1 30. b4 Rb2+ 31. Ke3 Ke8 32. Bg3 Rxa2 33. Kd4 Kd7
34. Kc5 b6+ 35. Kc4 Rd2 36. b5 Rxd6 37. Bxd6 Kxd6 38. Kb4 Kd5 39. c4+ Kd6 40. f4
c5+ 41. Kc3 h6 42. Kd3 h5 43. Ke4 g6 44. f5 gxf5+ 45. Kxf5 Ke7 46. Kg6 Ke6 47.
Kxh5 Kf5 48. h3 a5 49. Kh6 a4 0-1

[Event "Challenge"]
[Site "http://www.queenalice.com/game.php?id=786441"]
[Date "2010.6.6"]
[Round "-"]
[White "RJohnson"]
[Black "Ardovino"]
[Result "0-1"]
[WhiteElo "1488"]
[BlackElo "1455"]

1. e4 d5 2. d3 dxe4 3. dxe4 Qxd1+ 4. Kxd1 Nc6 5. Nf3 Bg4 6. h3 Bxf3+ 7. gxf3 Nd4
8. Bg2 O-O-O 9. Bd2 e5 10. c3 Ne6 11. c4 Nf4 12. Bf1 Ne7 13. Kc1 Nc6 14. Bxf4
exf4 15. Nc3 Nd4 16. Nb5 Kb8 17. c5 Bxc5 18. b3 Nxf3 19. Bg2 Nd4 20. Nxc7 Kxc7
21. Rd1 Ne2+ 22. Kb2 Bd4+ 23. Kc2 Bxa1 24. Rxa1 Nd4+ 25. Kc3 Nb5+ 26. Kb4 Kb6
27. a4 Rd4# 0-1

[Event "Challenge"]
[Site "http://www.queenalice.com/game.php?id=786442"]
[Date "2010.6.6"]
[Round "-"]
[White "Ardovino"]
[Black "RJohnson"]
[Result "1-0"]
[WhiteElo "1472"]
[BlackElo "1449"]

1. e4 e5 2. Bc4 Nh6 3. d3 c5 4. Bd2 b6 5. Nf3 Nc6 6. O-O Ng4 7. Ng5 Nh6 8. Qf3
Qe7 9. Nxf7 Nxf7 10. Bxf7+ Qxf7 11. Qxf7+ Kxf7 12. Nc3 Ne7 13. Nd5 Nxd5 14. exd5
d6 15. f4 Kg8 16. fxe5 dxe5 17. Rae1 h6 18. Rxe5 Bd6 19. Re8+ Kh7 20. Ree1 c4
21. d4 Bb7 22. Re6 Rad8 23. b3 Bxd5 24. Ree1 Rhe8 25. b4 b5 26. c3 Re4 27. a3
Rh4 28. h3 g5 29. Rf5 Bg3 30. Re7+ Kg6 31. Rf1 g4 32. hxg4 Rh2 33. Rxa7 Bxg2 34.
Ra6+ Rd6 35. Rxd6+ Bxd6 36. Rf2 h5 37. g5 h4 38. Rf6+ Kg7 39. Rxd6 h3 40. Kxh2
Kf7 41. Rb6 1-0